[Event "ICS Rated blitz match"]
[Site "204.178.125.65"]
[Date "1999.10.27"]
[Round "?"]
[White "Hossa"]
[Black "PackMaster"]
[Result "0-1"]
[WhiteElo "2438"]
[BlackElo "2560"]
[PlyCount "216"]
[EventDate "1999.??.??"]

1. e4 d5 2. exd5 Qxd5 3. Nc3 Qe5+ 4. Be2 Qg5 5. Bf3 Nf6 6. d4 Qg6 7. Nge2 c6 8.
O-O Bg4 9. Bxg4 Qxg4 10. Be3 e6 11. f3 Qg6 12. Nf4 Qf5 13. Qd3 Qxd3 14. Nxd3
Be7 15. Ne4 Nd5 16. Bd2 O-O 17. c4 Nb6 18. b3 Na6 19. Rae1 Rad8 20. Bc3 Nd7 21.
Nf4 Nc7 22. Re2 Rfe8 23. Nd3 Nf6 24. Ne5 Nh5 25. f4 Nf6 26. Ng5 Rf8 27. f5 h6
28. fxe6 hxg5 29. exf7+ Rxf7 30. Rf5 g4 31. Nxf7 Kxf7 32. Ba5 b6 33. Bc3 Bd6
34. c5 Bf8 35. cxb6 axb6 36. a4 Ncd5 37. Bb2 Bd6 38. g3 Re8 39. Rxe8 Kxe8 40.
Rg5 Kf7 41. Bc1 Nc3 42. Bb2 Nce4 43. Rf5 Nd2 44. d5 Kg6 45. Rxf6+ gxf6 46. dxc6
Nxb3 47. Bc3 Bc7 48. Kg2 Nc5 49. h3 gxh3+ 50. Kxh3 Ne6 51. g4 Nd8 52. Kg2 Nxc6
53. Bd2 Na5 54. Be3 Nc4 55. Bd4 Be5 56. Bf2 f5 57. gxf5+ Kxf5 58. Kf3 Bf6 59.
Be3 Nb2 60. Bxb6 Nxa4 61. Ba7 Nb2 62. Ke3 Nc4+ 63. Kd3 Ne5+ 64. Kc2 Nc6 65. Bc5
Ke4 66. Ba3 Ke3 67. Bc1+ Ke2 68. Bb2 Be7 69. Bc3 Na7 70. Bd4 Nb5 71. Bb2 Bc5
72. Be5 Ba3 73. Kb3 Kd3 74. Ka4 Kc4 75. Ka5 Bc5 76. Bf6 Be3 77. Be5 Na7 78. Ka4
Nc6 79. Bb2 Nb4 80. Ba3 Nd5 81. Bb2 Bd2 82. Be5 Bb4 83. Bd4 Kxd4 84. Kb5 Bc5
85. Kc6 Nb6 86. Kc7 Kd5 87. Kb7 Kd6 88. Ka7 Kc6 89. Kb8 Bd6+ 90. Ka7 Bh2 91.
Ka6 Bb8 92. Ka5 Nd5 93. Ka4 Be5 94. Kb3 Ne3 95. Kb4 Kb6 96. Ka4 Bc3 97. Kb3 Be1
98. Ka4 Bd2 99. Kb3 Ka5 100. Ka3 Bb4+ 101. Kb3 Kb5 102. Ka2 Ka4 103. Kb2 Bd2
104. Ka2 Nc4 105. Kb1 Kb3 106. Ka1 Be3 107. Kb1 Na3+ 108. Ka1 108... Bd4# {
Hossa checkmated} 0-1

[Event "ICS rated blitz match"]
[Site "204.178.125.65"]
[Date "1999.10.27"]
[Round "?"]
[White "Hossa"]
[Black "Nicy"]
[Result "1-0"]
[WhiteElo "2442"]
[BlackElo "2173"]
[PlyCount "44"]
[EventDate "1999.??.??"]

1. e4 c5 2. c3 e5 3. Nf3 Nc6 4. Bb5 a6 5. Bxc6 dxc6 6. d3 Bd6 7. Nbd2 Bg4 8.
Nc4 Qe7 9. Bg5 f6 10. Be3 b5 11. Nxd6+ Qxd6 12. a4 Ne7 13. axb5 cxb5 14. O-O
O-O 15. Qe2 Rfd8 16. Rfd1 Qc6 17. Ra5 Rd6 18. h3 Bxf3 19. Qxf3 Rad8 20. Rda1
Rxd3 21. Rxa6 Qc8 22. Qh5 22... Rd1+ {Nicy resigns} 1-0

[Event "ICS rated bullet match"]
[Site "204.178.125.65"]
[Date "1999.10.27"]
[Round "?"]
[White "JSBach"]
[Black "Hossa"]
[Result "0-1"]
[WhiteElo "2004"]
[BlackElo "2396"]
[PlyCount "100"]
[EventDate "1999.??.??"]

1. d4 Nf6 2. Nf3 g6 3. Nc3 d5 4. Qd3 Bg7 5. Bf4 O-O 6. O-O-O Bf5 7. Qb5 b6 8.
e3 e6 9. Bd3 a6 10. Qa4 Bxd3 11. Rxd3 c5 12. dxc5 bxc5 13. e4 c4 14. Re3 Ng4
15. Bg5 f6 16. h3 Nxf2 17. Rf1 d4 18. Rxf2 fxg5 19. Rd2 Qb6 20. Nxd4 Bxd4 21.
Rg3 Bxc3 22. Rxc3 Rf1+ 23. Rd1 Rxd1+ 24. Kxd1 Qg1+ 25. Kd2 Qxg2+ 26. Kc1 Qxe4
27. Qe8+ Kg7 28. Qe7+ Kh6 29. b3 Nc6 30. Qd7 Ne5 31. Qe7 Qe1+ 32. Kb2 Qd2 33.
Qf6 Nd3+ 34. Ka3 cxb3 35. Rxd3 Qa5+ 36. Kb2 Qxa2+ 37. Kc3 Qa1+ 38. Kd2 Qxf6 39.
cxb3 Qb2+ 40. Ke1 Rc8 41. Rd2 Rc1+ 42. Ke2 Rc2 43. Rxc2 Qxc2+ 44. Ke3 Qc3+ 45.
Ke4 a5 46. h4 gxh4 47. b4 axb4 48. Kf4 g5+ 49. Ke4 g4 50. Kf4 50... Qd4# {
JSBach checkmated} 0-1

[Event "ICS Rated blitz match"]
[Site "204.178.125.65"]
[Date "1999.10.27"]
[Round "?"]
[White "Hossa"]
[Black "Skeletor"]
[Result "0-1"]
[WhiteElo "2460"]
[BlackElo "2614"]
[PlyCount "118"]
[EventDate "1999.??.??"]

1. e4 e5 2. Nf3 d6 3. d4 Nf6 4. dxe5 Nxe4 5. Bd3 Nc5 6. O-O Be7 7. exd6 cxd6 8.
Bb5+ Bd7 9. Nc3 Bxb5 10. Nxb5 Qd7 11. Nc3 O-O 12. Nd5 Nc6 13. Re1 Rfe8 14. Bf4
Rad8 15. Qd2 Qf5 16. Rad1 Bf8 17. c4 Rc8 18. Re3 Rxe3 19. Qxe3 Ne6 20. Bg3 Re8
21. Qc3 Nc5 22. Qd2 Ne4 23. Qe3 Re6 24. Nd4 Nxd4 25. Qxd4 Nxg3 26. hxg3 Re2 27.
a3 a6 28. b4 Ra2 29. Qe3 Qg4 30. Rd4 Ra1+ 31. Kh2 Qh5+ 32. Rh4 Qd1 33. g4 b5
34. Ne7+ Bxe7 35. Qxe7 g6 36. cxb5 axb5 37. Qe8+ Kg7 38. Qe3 Qh1+ 39. Kg3 Qc1
40. Qd4+ Kg8 41. Qxd6 Rxa3+ 42. Kh2 Qg5 43. g3 Ra2 44. Kg1 Qc1+ 45. Kg2 Qe3 46.
Kh3 Rxf2 47. Qb8+ Kg7 48. Qd8 Rd2 49. Qc7 Rd3 50. Rxh7+ Kxh7 51. Qxf7+ Kh6 52.
Qf8+ Kg5 53. Qf2 Qf3 54. Qxf3 Rxf3 55. Kh2 Kxg4 56. Kg2 Rf7 57. Kh2 Kf3 58. g4
Kf2 59. g5 59... Rh7# {Hossa checkmated} 0-1

[Event "ICS Rated blitz match"]
[Site "204.178.125.65"]
[Date "1999.10.27"]
[Round "?"]
[White "benares"]
[Black "Hossa"]
[Result "0-1"]
[WhiteElo "2375"]
[BlackElo "2451"]
[PlyCount "108"]
[EventDate "1999.??.??"]

1. d4 Nf6 2. c4 e6 3. Nc3 Bb4 4. e3 c5 5. Nge2 cxd4 6. exd4 O-O 7. a3 Be7 8. d5
exd5 9. cxd5 Re8 10. g3 Bc5 11. Bg2 Ng4 12. O-O d6 13. h3 Ne5 14. Nd4 Bxd4 15.
Qxd4 Bxh3 16. Be3 Bxg2 17. Kxg2 Na6 18. b4 Qf6 19. Qf4 Qxf4 20. gxf4 Nc4 21.
Bd4 Nc7 22. Rae1 Nxa3 23. Ra1 Nc2 24. Rad1 Nxb4 25. Kf3 Nc2 26. Rg1 Nxd4+ 27.
Rxd4 Re7 28. Ne4 Ne8 29. f5 f6 30. Rc4 Re5 31. Kf4 Rxd5 32. Nc3 Rc5 33. Rxc5
dxc5 34. Rd1 Rc8 35. Rd7 Rc7 36. Rd8 Kf8 37. Nd5 Rf7 38. Ke4 b6 39. Nf4 Rb7 40.
Ne6+ Kf7 41. Ra8 Ke7 42. Kd5 Rd7+ 43. Kc4 g6 44. Nf4 Rd4+ 45. Kb5 Nc7+ 46. Kc6
Nxa8 47. Nd5+ Kf7 48. fxg6+ hxg6 49. Ne3 a5 50. Kb5 c4 51. Nxc4 Nc7+ 52. Kxb6
Rxc4 53. Kxa5 Ke7 54. Kb6 54... Kd6 {benares resigns} 0-1

[Event "ICS rated blitz match"]
[Site "204.178.125.65"]
[Date "1999.10.27"]
[Round "?"]
[White "Hossa"]
[Black "MissSilicon"]
[Result "0-1"]
[WhiteElo "2464"]
[BlackElo "2638"]
[PlyCount "180"]
[EventDate "1999.??.??"]

1. e4 d5 2. exd5 Nf6 3. Bb5+ Nbd7 4. Nc3 a6 5. Ba4 b5 6. Bb3 Nc5 7. d4 Nxb3 8.
axb3 b4 9. Nce2 Qxd5 10. Nf4 Qe4+ 11. Nge2 Bf5 12. c3 g5 13. f3 Qc2 14. Qxc2
Bxc2 15. Nh3 h6 16. cxb4 Bxb3 17. O-O Nd5 18. Bd2 Bc4 19. Rfe1 Bg7 20. Bc3 O-O
21. Ng3 Rfb8 22. Ra5 e6 23. Nf2 Bf8 24. Ng4 Bxb4 25. Bxb4 Rxb4 26. Rc5 Ba2 27.
Rc2 Rxd4 28. Nxh6+ Kf8 29. Ne4 f6 30. Nc5 Nb4 31. Rcc1 Kg7 32. Ng4 e5 33. b3
Kg6 34. Re2 a5 35. Ra1 c6 36. Rexa2 Nxa2 37. Rxa2 Rd5 38. Rc2 Rc8 39. Ne3 Rd4
40. g4 Rb8 41. Nf5 Rd1+ 42. Kg2 Rb6 43. h4 gxh4 44. Nxh4+ Kf7 45. Nf5 Rd8 46.
Rc3 Rd2+ 47. Kg3 Rd5 48. Kg2 Rd2+ 49. Kh3 Rd8 50. Kh2 Rd2+ 51. Kg1 Rd1+ 52. Kf2
Rd5 53. Ne3 Rd8 54. Kg3 Ke8 55. Nf5 Kf7 56. Rc2 Rb5 57. Rc4 Rb6 58. Ne3 Rb5 59.
Rc3 Kg6 60. Nf5 Kf7 61. Ne4 Rb6 62. Kf2 Ke6 63. Nc5+ Kf7 64. Ke2 Rb5 65. Kf1
Rb4 66. Ke1 Rb6 67. Ne3 Ke7 68. Rc2 Kf7 69. Kf2 Ke7 70. Nf5+ Kf7 71. Rc4 Rd5
72. Ne4 Rd3 73. Nh6+ Kg6 74. Nc5 Rd4 75. Nf5 Rxc4 76. bxc4 Rb4 77. Nd6 a4 78.
Nd3 Rb1 79. Nf5 a3 80. Ne7+ Kg5 81. Nc5 a2 82. Ne6+ Kh4 83. Ng6+ Kh3 84. f4
a1=Q 85. Nxe5 Qb2+ 86. Ke3 Re1+ 87. Kd3 Qb3+ 88. Kd2 Qe3+ 89. Kc2 Re2+ 90. Kd1
90... Qd2# {Hossa checkmated} 0-1

[Event "ICS rated blitz match"]
[Site "204.178.125.65"]
[Date "1999.10.27"]
[Round "?"]
[White "roma"]
[Black "Hossa"]
[Result "0-1"]
[WhiteElo "2160"]
[BlackElo "2455"]
[PlyCount "62"]
[EventDate "1999.??.??"]

1. e4 e5 2. Nf3 d6 3. d4 Nf6 4. dxe5 Nxe4 5. Bd3 Nc5 6. Bc4 Nc6 7. exd6 Bxd6 8.
O-O Be6 9. Bxe6 Nxe6 10. Nc3 O-O 11. Ne4 Bf4 12. g3 Bxc1 13. Rxc1 Qe7 14. c3
Nf4 15. Qc2 f5 16. Neg5 Ne2+ 17. Kg2 Nxc1 18. Rxc1 Kh8 19. Qb3 Nd8 20. Re1 Qd6
21. h4 f4 22. g4 Qf6 23. h5 h6 24. Ne4 Qe6 25. Qxe6 Nxe6 26. Nh4 Rfe8 27. Nd2
Nc5 28. Ng6+ Kg8 29. Rxe8+ Rxe8 30. Nxf4 Na4 31. Nc4 31... Re4 {roma resigns}
0-1

[Event "ICS rated blitz match"]
[Site "204.178.125.65"]
[Date "1999.10.27"]
[Round "?"]
[White "Nicy"]
[Black "Hossa"]
[Result "1/2-1/2"]
[WhiteElo "2196"]
[BlackElo "2460"]
[PlyCount "72"]
[EventDate "1999.??.??"]

1. d4 Nf6 2. Bg5 e6 3. Nf3 d5 4. e3 c5 5. c3 Bd6 6. Bd3 Nc6 7. Nbd2 e5 8. dxe5
Bxe5 9. Nxe5 Nxe5 10. Be2 Bg4 11. O-O Bxe2 12. Qxe2 O-O 13. Nf3 Qd6 14. Nxe5
Qxe5 15. Bxf6 Qxf6 16. Rfd1 Rfd8 17. Rd3 Rd6 18. Rad1 Rad8 19. R1d2 Qg5 20. Qd1
Qe5 21. h3 a6 22. c4 d4 23. exd4 Rxd4 24. Rxd4 cxd4 25. Qe2 Qxe2 26. Rxe2 d3
27. Rd2 f5 28. f4 Rd4 29. b3 h5 30. g3 Kh7 31. h4 Rd8 32. Kf2 Rd6 33. Ke3 Rg6
34. Kf3 Rd6 35. Ke3 Rg6 36. Kf3 36... Rd6 {Game drawn by mutual agreement}
1/2-1/2

[Event "ICS rated blitz match"]
[Site "204.178.125.65"]
[Date "1999.10.27"]
[Round "?"]
[White "Hossa"]
[Black "Nicy"]
[Result "1-0"]
[WhiteElo "2450"]
[BlackElo "2179"]
[PlyCount "20"]
[EventDate "1999.??.??"]

1. e4 c5 2. Nf3 Nc6 3. d4 cxd4 4. Nxd4 g6 5. Nc3 Bg7 6. Be3 Nf6 7. Bc4 Qa5 8.
O-O O-O 9. Nd5 Nxd5 10. exd5 10... e6 {Nicy resigns} 1-0

[Event "ICS Rated blitz match"]
[Site "204.178.125.65"]
[Date "1999.10.27"]
[Round "?"]
[White "Nicy"]
[Black "Hossa"]
[Result "1/2-1/2"]
[WhiteElo "2173"]
[BlackElo "2456"]
[PlyCount "204"]
[EventDate "1999.??.??"]

1. d4 Nf6 2. Bg5 e6 3. Nf3 d5 4. e3 c5 5. c3 Bd6 6. Bd3 Nc6 7. O-O O-O 8. Nbd2
e5 9. dxe5 Nxe5 10. Nxe5 Bxe5 11. Nf3 Bd6 12. Be2 Be6 13. Qd3 Re8 14. Rad1 Be7
15. Rd2 Ne4 16. Bxe7 Rxe7 17. Rdd1 Qb6 18. Qc2 Nd6 19. Rd2 Bf5 20. Bd3 Ne4 21.
Re2 c4 22. Bxe4 Bxe4 23. Qd2 Bd3 24. Rd1 Bxe2 25. Qxe2 Qe6 26. Qd2 Rd8 27. Qd4
Qb6 28. Qd2 Qg6 29. Qd4 Qc2 30. Qd2 Qxd2 31. Rxd2 a5 32. Nd4 a4 33. a3 Kf8 34.
Nc2 Re5 35. Nb4 f5 36. g3 Kf7 37. Kg2 h6 38. Kf3 g5 39. Nc2 Kf6 40. Nb4 Ke7 41.
Nc2 Re8 42. Nb4 Kd6 43. Nc2 Re4 44. Nb4 R8e5 45. Rd1 h5 46. Rd2 h4 47. Rd1 h3
48. Rd2 b5 49. Rd1 Kc5 50. Rd2 g4+ 51. Ke2 Kd6 52. Kd1 Kd7 53. Kc2 Ke8 54. Kc1
Re6 55. Nc2 R4e5 56. Nd4 Rb6 57. Kc2 Kf8 58. Rd1 Kg7 59. Rd2 Kf6 60. Ne2 Rc6
61. Nf4 Rd6 62. Rd1 Rd7 63. Rd2 Rd8 64. Rd1 Kg7 65. Rd2 Rd6 66. Rd1 Kf7 67. Rd2
Rd7 68. Rd1 Rd8 69. Rd2 Kg8 70. Rd1 Kh7 71. Rd2 Rd6 72. Rd1 Kh6 73. Rd2 Rd7 74.
Rd1 Rd8 75. Rd2 Rc8 76. Rd1 Rc5 77. Rd2 Kg7 78. Rd1 Kf7 79. Rd2 Kg8 80. Ne2 Kf7
81. Rd1 Kg6 82. Rd2 Kf6 83. Rd1 Re4 84. Rd2 Re8 85. Rd1 Ke5 86. Rd2 Rc6 87. Nd4
Rc5 88. Rd1 Re7 89. Rd2 Ke4 90. Rd1 Re5 91. Rd2 Rc8 92. Rd1 Rce8 93. Rd2 R5e7
94. Rd1 Rb7 95. Rd2 Ke5 96. Rd1 Rb6 97. Rd2 Re7 98. Rd1 Rd6 99. Rd2 Rb7 100.
Rd1 Rg6 101. Rd2 Rbb6 102. Rd1 102... Rb7 {Game drawn by the 50 move rule}
1/2-1/2

[Event "ICS Rated blitz match"]
[Site "204.178.125.65"]
[Date "1999.10.27"]
[Round "?"]
[White "Hossa"]
[Black "WhiteCastles"]
[Result "0-1"]
[WhiteElo "2445"]
[BlackElo "2671"]
[PlyCount "78"]
[EventDate "1999.??.??"]

1. e4 c5 2. Nf3 e6 3. d4 cxd4 4. Nxd4 a6 5. Nc3 Qc7 6. Bd3 Nc6 7. Be3 b5 8. O-O
Bb7 9. Re1 Bd6 10. Qh5 Nf6 11. Qh4 Ne5 12. Bg5 Ng6 13. Qh3 Be5 14. Bxf6 Nf4 15.
Qe3 gxf6 16. Nf3 Bxc3 17. bxc3 Rg8 18. g3 Nh3+ 19. Kf1 Ng5 20. Nxg5 Rxg5 21.
Qd2 Rh5 22. Kg1 d5 23. exd5 Rxd5 24. Qh6 Qxc3 25. Qxh7 Re5 26. Rf1 Rd8 27. Rfd1
Ke7 28. Rf1 Qc6 29. f3 Qc5+ 30. Kh1 Rh5 31. Qg7 Qe5 32. Rab1 Rdh8 33. Rf2 Rxh2+
34. Rxh2 Bxf3+ 35. Kg1 Qe3+ 36. Kf1 Rxh2 37. Qxf7+ Kxf7 38. Bg6+ Kxg6 39. Re1
39... Bg2# {Hossa checkmated} 0-1

[Event "ICS Rated blitz match"]
[Site "204.178.125.65"]
[Date "1999.10.27"]
[Round "?"]
[White "AlBundy"]
[Black "Hossa"]
[Result "0-1"]
[WhiteElo "2548"]
[BlackElo "2438"]
[PlyCount "33"]
[EventDate "1999.??.??"]

1. c4 b6 2. Nc3 e5 3. Nf3 Nc6 4. e3 Bb4 5. Qc2 Nf6 6. Nd5 Bc5 7. a3 a5 8. b3
O-O 9. Bb2 Bb7 10. Ng5 g6 11. Nxf6+ Qxf6 12. f4 Rae8 13. O-O-O Qe7 14. Ne4 Bxa3
15. Nf6+ Qxf6 16. Bxa3 Nb4 17. Qc3 {AlBundy resigns} 0-1

[Event "ICS Rated bullet match"]
[Site "204.178.125.65"]
[Date "1999.10.27"]
[Round "?"]
[White "Hossa"]
[Black "JSBach"]
[Result "1-0"]
[WhiteElo "2399"]
[BlackElo "2064"]
[PlyCount "71"]
[EventDate "1999.??.??"]

1. e4 e6 2. d4 Be7 3. c4 Nc6 4. Nf3 Nf6 5. e5 Ne4 6. Be2 Rb8 7. O-O O-O 8. d5
Nb4 9. Nc3 Nxc3 10. bxc3 Na6 11. Be3 Nc5 12. d6 cxd6 13. exd6 Ne4 14. dxe7 Qxe7
15. Qd4 f5 16. Qxa7 Qd6 17. Rad1 Qc7 18. Bb6 Qc6 19. Ne5 Ra8 20. Nxc6 Rxa7 21.
Nxa7 Nxc3 22. Rd2 Nxe2+ 23. Rxe2 d5 24. cxd5 exd5 25. Re7 f4 26. Bd4 Rd8 27.
Rxg7+ Kf8 28. Rxh7 Be6 29. Re1 Rd7 30. Rh4 Bf5 31. Rxf4 Rf7 32. Nb5 b6 33. Nd6
Be6 34. Rxe6 Kg8 35. Rxf7 b5 36. Re8# {JSBach checkmated} 1-0

[Event "ICS Rated blitz match"]
[Site "204.178.125.65"]
[Date "1999.10.27"]
[Round "?"]
[White "Hossa"]
[Black "BugChess"]
[Result "0-1"]
[WhiteElo "2469"]
[BlackElo "2273"]
[PlyCount "186"]
[EventDate "1999.??.??"]

1. e4 c6 2. d4 d5 3. Nc3 dxe4 4. Nxe4 Nd7 5. Nf3 Ngf6 6. Nxf6+ Nxf6 7. Bc4 Bf5
8. O-O e6 9. Bg5 Be7 10. Ne5 O-O 11. c3 Rc8 12. Re1 Ne4 13. Bxe7 Qxe7 14. Bd3
Nd6 15. Bxf5 Nxf5 16. Qh5 Qd8 17. Rad1 Ra8 18. Kh1 Qa5 19. g4 Nd6 20. a3 Qd5+
21. f3 b6 22. g5 Rad8 23. Kg1 c5 24. Kh1 Nf5 25. c4 Qd6 26. d5 Nd4 27. dxe6
Qxe6 28. Re4 Nb3 29. Nd3 Qf5 30. Qg4 Qg6 31. Qf4 Nd4 32. Re7 a6 33. Qg4 Ne6 34.
Nf2 Nxg5 35. Rxd8 Rxd8 36. Qd7 Rf8 37. Re8 Qb1+ 38. Kg2 Ne6 39. Rxe6 fxe6 40.
Qxe6+ Kh8 41. Qxb6 Qf5 42. Qb3 Qg5+ 43. Kh1 Qc1+ 44. Kg2 Qd2 45. a4 Qe2 46. h4
Qe7 47. Qb6 Qf7 48. Qb3 Qg6+ 49. Kf1 Qh5 50. Kg2 Qxh4 51. Ne4 Qh6 52. a5 Qh5
53. Qe3 Qf5 54. Kf2 Qe5 55. Nxc5 Qxb2+ 56. Kg3 Qb4 57. Qe5 Qa3 58. Qd5 Qxa5 59.
Ne6 Qe1+ 60. Kg4 Rb8 61. Qd7 h5+ 62. Kxh5 Qg3 63. Qf7 a5 64. c5 Rg8 65. Qe7
Qxf3+ 66. Kg6 Qe4+ 67. Kg5 a4 68. Qf7 Qg2+ 69. Kf5 Qf3+ 70. Kg6 Qg3+ 71. Ng5
Qh2 72. Qe7 Qh6+ 73. Kf5 Qh5 74. c6 Re8 75. Qf7 Qe2 76. Kg6 Qc2+ 77. Qf5 Qxc6+
78. Kf7 Qf6+ 79. Qxf6 gxf6 80. Nf3 a3 81. Kxe8 a2 82. Nh4 a1=Q 83. Kf7 Kh7 84.
Nf5 Qe5 85. Ne7 f5 86. Nc8 Qd5+ 87. Ke7 f4 88. Nd6 f3 89. Nf7 f2 90. Nd6 Qe5+
91. Kd7 f1=Q 92. Nb7 Qf7+ 93. Kc6 93... Qfc7# {Hossa checkmated} 0-1

[Event "ICS Rated blitz match"]
[Site "204.178.125.65"]
[Date "1999.10.27"]
[Round "?"]
[White "MissSilicon"]
[Black "Hossa"]
[Result "1-0"]
[WhiteElo "2644"]
[BlackElo "2445"]
[PlyCount "109"]
[EventDate "1999.??.??"]

1. Nf3 Nf6 2. c4 g6 3. d4 Bg7 4. Nc3 d5 5. Bg5 Ne4 6. Bf4 Nxc3 7. bxc3 c5 8.
cxd5 Qa5 9. Rc1 cxd4 10. Nxd4 Qxd5 11. Bxb8 Rxb8 12. Qa4+ Bd7 13. Qxa7 O-O 14.
Qa3 Qe4 15. f3 Qe3 16. Rd1 Rbd8 17. Rd3 Qg5 18. e4 e5 19. Ne2 Bc6 20. c4 Rxd3
21. Qxd3 Rd8 22. Qc3 f5 23. h4 Qf6 24. exf5 Qxf5 25. Qb3 Qd7 26. c5+ Bd5 27.
Qa3 Be6 28. Qc1 Bf6 29. h5 g5 30. Nc3 Qd4 31. Ne4 Be7 32. a3 g4 33. Be2 gxf3
34. gxf3 Bb3 35. h6 Rf8 36. Qb1 Bd5 37. Qd1 Bxc5 38. Nxc5 Qxc5 39. Qd2 Rf4 40.
Qd3 Rc4 41. Qd2 Rc1+ 42. Bd1 Kh8 43. Qg5 Qc3+ 44. Kf2 Qc5+ 45. Kg3 Qc7 46. Qf6+
Kg8 47. Rh5 e4+ 48. Kh3 Qd7+ 49. Kh4 Qf7 50. Qd8+ Qf8 51. Rg5+ Kf7 52. Rf5+ Ke6
53. Qxd5+ Ke7 54. Re5+ Kf6 55. Qe6# {Hossa checkmated} 1-0

[Event "ICS rated blitz match"]
[Site "204.178.125.65"]
[Date "1999.10.27"]
[Round "?"]
[White "Hossa"]
[Black "roma"]
[Result "1/2-1/2"]
[WhiteElo "2437"]
[BlackElo "2155"]
[PlyCount "193"]
[EventDate "1999.??.??"]

1. Nf3 d5 2. d3 Nc6 3. d4 Bg4 4. Bg5 h6 5. Bh4 Qd6 6. c3 Bxf3 7. exf3 e5 8. Bb5
exd4 9. O-O Be7 10. Bg3 Qd7 11. cxd4 Nf6 12. Re1 O-O 13. Nc3 Rfe8 14. Rc1 Bb4
15. Qa4 Rxe1+ 16. Rxe1 Bxc3 17. bxc3 Re8 18. Rb1 Re6 19. Bxc6 Qxc6 20. Qxc6
Rxc6 21. Rxb7 Rxc3 22. h4 Ra3 23. Bxc7 Rxa2 24. Be5 a5 25. Bxf6 gxf6 26. Rd7 a4
27. Rxd5 a3 28. Ra5 Kg7 29. Kh2 Rd2 30. Rxa3 Rxd4 31. Kg3 Rc4 32. f4 Kg6 33.
Kg4 h5+ 34. Kf3 Rb4 35. Rd3 Rc4 36. Rd5 f5 37. Rd6+ f6 38. Re6 Rc3+ 39. Re3 Rc4
40. Rb3 Ra4 41. Rc3 Rb4 42. g3 Ra4 43. Re3 Rb4 44. Re7 Ra4 45. Re2 Rb4 46. Kg2
Ra4 47. f3 Ra3 48. Kf2 Rb3 49. Re1 Rb2+ 50. Kg1 Ra2 51. Re7 Rb2 52. Re8 Rc2 53.
Re3 Rb2 54. Kf1 Rc2 55. Re8 Ra2 56. Re1 Rb2 57. Re2 Rb1+ 58. Kg2 Rb3 59. Kf2
Rc3 60. Re7 Rb3 61. Rd7 Ra3 62. Ke2 Rb3 63. Rd5 Ra3 64. Rd2 Rc3 65. Rd8 Rb3 66.
Kf2 Rb2+ 67. Ke1 Rb3 68. Ke2 Rb2+ 69. Rd2 Rb3 70. Ra2 Rc3 71. Rd2 Rc1 72. Kf2
Rh1 73. Re2 Rc1 74. Kg2 Rc3 75. Re6 Ra3 76. Kf2 Kf7 77. Re3 Ra2+ 78. Re2 Ra1
79. Kg2 Ra3 80. Rc2 Kg6 81. Kf2 Rb3 82. Ke2 Rb1 83. Kf2 Ra1 84. Rb2 Rc1 85. Kg2
Rd1 86. Ra2 Rd3 87. Kf2 Rc3 88. Rd2 Rc4 89. Ke1 Rc3 90. Ke2 Rb3 91. Kf2 Rc3 92.
Ra2 Rc5 93. Ke3 Rd5 94. Rd2 Rc5 95. Rb2 Rc4 96. Ke2 Rc3 97. Kd1 {
Game drawn by the 50 move rule} 1/2-1/2

[Event "ICS rated blitz match"]
[Site "204.178.125.65"]
[Date "1999.10.27"]
[Round "?"]
[White "roma"]
[Black "Hossa"]
[Result "0-1"]
[WhiteElo "2166"]
[BlackElo "2426"]
[PlyCount "142"]
[EventDate "1999.??.??"]

1. e4 e5 2. Nf3 d6 3. d4 Nf6 4. Nc3 Nbd7 5. Be2 Be7 6. O-O O-O 7. h3 c5 8. dxe5
dxe5 9. a4 a6 10. b3 b6 11. Bc4 Bb7 12. Re1 Ra7 13. Bb2 Qc7 14. Qe2 Raa8 15.
Rad1 Qb8 16. Nd5 Bd6 17. Nh4 b5 18. axb5 axb5 19. Bxb5 Ra2 20. c4 Rd8 21. Ra1
Rxa1 22. Rxa1 Bf8 23. Nf5 Kh8 24. Rd1 g6 25. Nfe3 Bg7 26. Nxf6 Nxf6 27. Nd5 Ba8
28. Nxf6 Bxf6 29. Rd3 Bg7 30. Qd2 Rxd3 31. Qxd3 Qc7 32. f3 Kg8 33. Bc1 Qa5 34.
Be3 Bf8 35. Kh2 f6 36. Bf2 Qa2 37. Bg1 Qa5 38. Qd7 g5 39. h4 Qe1 40. Qg4 Qxh4+
41. Qxh4 gxh4 42. Kh3 Be7 43. Bf2 Kf7 44. Bxh4 Ke6 45. Kg4 Bb7 46. Kh5 Bf8 47.
g3 Bc8 48. f4 Bb7 49. f5+ Kf7 50. Bd7 Bxe4 51. Be6+ Kg7 52. g4 Bc2 53. Bf2 h6
54. Be3 Kh7 55. Bf7 Bxb3 56. Bg6+ Kg8 57. Bf7+ Kxf7 58. Kh4 Kg8 59. Kg3 Bxc4
60. Kf2 Bd3 61. Ke1 c4 62. Kd2 Bb4+ 63. Kc1 c3 64. Kd1 c2+ 65. Kc1 Ba3+ 66. Kd2
c1=Q+ 67. Kxd3 Qf1+ 68. Ke4 Qe2 69. Kd5 Qxe3 70. Ke6 Qd3 71. Kxf6 71... Qd6# {
roma checkmated} 0-1

[Event "ICS rated blitz match"]
[Site "204.178.125.65"]
[Date "1999.10.27"]
[Round "?"]
[White "Hossa"]
[Black "AlBundy"]
[Result "1-0"]
[WhiteElo "2438"]
[BlackElo "2527"]
[PlyCount "63"]
[EventDate "1999.??.??"]

1. Nf3 Nf6 2. c4 e6 3. d4 d5 4. g3 Be7 5. cxd5 exd5 6. Bg2 O-O 7. Nc3 Re8 8.
O-O c6 9. Bg5 Ne4 10. Nxe4 dxe4 11. Bxe7 Qxe7 12. Nd2 e3 13. Nf3 exf2+ 14. Rxf2
Nd7 15. a3 Nf6 16. Ne5 Be6 17. e3 Rad8 18. Qa4 a6 19. Raf1 Qc7 20. Rxf6 gxf6
21. Rxf6 c5 22. Qc2 Rc8 23. Rh6 f5 24. Rxe6 Rxe6 25. Bd5 Rce8 26. Qxf5 Qd6 27.
Qf7+ Kh8 28. Qxe8+ Rxe8 29. Nf7+ Kg7 30. Nxd6 Rd8 31. dxc5 b6 32. c6 {
AlBundy resigns} 1-0

[Event "ICS rated blitz match"]
[Site "204.178.125.65"]
[Date "1999.10.27"]
[Round "?"]
[White "M-MURDER"]
[Black "Hossa"]
[Result "0-1"]
[WhiteElo "2200"]
[BlackElo "2458"]
[PlyCount "60"]
[EventDate "1999.??.??"]

1. e4 e5 2. Nf3 d6 3. d4 Nf6 4. d5 Nxe4 5. Bb5+ c6 6. dxc6 bxc6 7. Bd3 Nc5 8.
Bg5 f6 9. Be3 e4 10. Bxe4 Nxe4 11. O-O Be7 12. Nbd2 Nxd2 13. Qxd2 O-O 14. Qd4
d5 15. Rad1 Re8 16. Rfe1 Na6 17. a3 Nc7 18. c4 Ba6 19. cxd5 cxd5 20. b4 Bd6 21.
g3 Bc4 22. Nd2 Nb5 23. Nxc4 Nxd4 24. Nxd6 Nf3+ 25. Kf1 Qxd6 26. Re2 Nxh2+ 27.
Ke1 d4 28. Bd2 Rxe2+ 29. Kxe2 Qa6+ 30. Ke1 30... Nf3# {M-MURDER checkmated} 0-1

[Event "ICS rated bullet match"]
[Site "204.178.125.65"]
[Date "1999.10.27"]
[Round "?"]
[White "Karamsky"]
[Black "Hossa"]
[Result "0-1"]
[WhiteElo "1590"]
[BlackElo "2403"]
[PlyCount "26"]
[EventDate "1999.??.??"]

1. e4 e5 2. Nf3 d6 3. Bc4 Bg4 4. O-O Nc6 5. h3 Bh5 6. d3 Nf6 7. Be3 Be7 8. Nbd2
O-O 9. Qe1 d5 10. exd5 Nxd5 11. Bg5 Bxg5 12. Nxg5 Ndb4 13. Nge4 13... Nxc2 {
Karamsky resigns} 0-1

[Event "ICS rated bullet match"]
[Site "204.178.125.65"]
[Date "1999.10.27"]
[Round "?"]
[White "Hossa"]
[Black "sackattack"]
[Result "1-0"]
[WhiteElo "2403"]
[BlackElo "2100"]
[PlyCount "95"]
[EventDate "1999.??.??"]

1. e4 d5 2. exd5 Nf6 3. d4 Bg4 4. Bb5+ Nbd7 5. f3 Bf5 6. Nc3 a6 7. Ba4 b5 8.
Bb3 Nb6 9. Nge2 Nfxd5 10. Nxd5 Nxd5 11. O-O e6 12. Re1 c5 13. c4 bxc4 14. Ba4+
Ke7 15. Bc6 Rb8 16. dxc5 Rc8 17. Bb7 Rxc5 18. Nd4 Bd3 19. Qa4 Qb6 20. Qxa6 Qxa6
21. Bxa6 Ra5 22. Bxc4 Bxc4 23. Nc6+ Kd7 24. Nxa5 Bb4 25. Nxc4 Bxe1 26. Bg5 f6
27. Bxf6 gxf6 28. Rxe1 Rc8 29. Rc1 Ne3 30. Nb6+ Kd8 31. Rxc8+ Ke7 32. Rc7+ Kd6
33. Rxh7 Kc6 34. Nd7 Nd5 35. h4 Kd6 36. g4 f5 37. g5 Nf4 38. Kf1 e5 39. Nf6 e4
40. fxe4 fxe4 41. Nxe4+ Ke5 42. Re7+ Kf5 43. Rf7+ Kg6 44. Rxf4 Kh5 45. Ke2 Kg6
46. Kf3 Kh5 47. Rf6 Kxh4 48. Rh6# {sackattack checkmated} 1-0

[Event "ICS rated bullet match"]
[Site "204.178.125.65"]
[Date "1999.10.27"]
[Round "?"]
[White "Tomo"]
[Black "Hossa"]
[Result "1-0"]
[WhiteElo "2113"]
[BlackElo "2403"]
[PlyCount "163"]
[EventDate "1999.??.??"]

1. e4 e5 2. Nf3 d6 3. Bc4 Bg4 4. h3 Bh5 5. d3 Nc6 6. c3 Na5 7. Bb5+ c6 8. Ba4
Nf6 9. Bc2 d5 10. O-O Bd6 11. Re1 O-O 12. Bg5 h6 13. Bh4 dxe4 14. dxe4 Nc4 15.
Qc1 Bxf3 16. gxf3 Be7 17. Bg3 Qd7 18. Kg2 Nh5 19. b3 Bg5 20. Qd1 Qxd1 21. Rxd1
Nxg3 22. Kxg3 Bf4+ 23. Kg2 Nb6 24. Nd2 Rad8 25. Nf1 Rd7 26. Rxd7 Nxd7 27. Rd1
Rd8 28. b4 h5 29. Bb3 g6 30. Ne3 Bxe3 31. fxe3 g5 32. h4 gxh4 33. Kh3 Kg7 34.
Kxh4 Kf6 35. f4 Ke7 36. Rd2 Rf8 37. Bd1 Nf6 38. Bf3 Ke6 39. a4 Rh8 40. a5 a6
41. c4 Rh7 42. c5 exf4 43. exf4 Rh8 44. Rd6+ Ke7 45. Kg5 Rg8+ 46. Kf5 Ng4 47.
Bxg4 hxg4 48. Rd2 g3 49. Rg2 Rg7 50. e5 Rg6 51. Ke4 Rg8 52. Kf3 Ke6 53. Rxg3
Rxg3+ 54. Kxg3 Kd5 55. Kf3 Kc4 56. f5 Kxb4 57. e6 fxe6 58. f6 e5 59. f7 Kxa5
60. f8=Q Kb5 61. Ke4 a5 62. Qd6 a4 63. Qd3+ Kxc5 64. Qa3+ Kb5 65. Kxe5 c5 66.
Kd5 c4 67. Kd4 b6 68. Kc3 Kc6 69. Qb4 b5 70. Qa3 Kd5 71. Kb4 Kc6 72. Qc3 Kb6
73. Qf6+ Kb7 74. Qd6 c3 75. Kxc3 Kc8 76. Kb4 Kb7 77. Kxb5 Ka7 78. Kxa4 Kb7 79.
Kb5 Kc8 80. Qe7 Kb8 81. Kb6 Kc8 82. Qe8# {Hossa checkmated} 1-0